000 01321cam a2200325 a 4500
001 1054196
005 20170719130150.0
007 000
008 000
010 _a 90040115
020 _a0192177818 :
_c$21.00 (U.S. : est.)
020 _a0192861190 (pbk.) :
_c$6.00 (U.S.: est.)
040 _aUOEL
_cDLC
_dDLC
050 0 0 _aQC981.8.G56
_bG583 1990
082 0 0 _a363.73/87
_220
245 0 0 _aGlobal warming :
_bthe Greenpeace report /
_cedited by Jeremy Leggett.
260 _aOxford [England] ;
_aNew York :
_bOxford University Press,
_c1990.
300 _axi, 554 p. :
_bill., maps ;
_c20 cm.
504 _aIncludes bibliographical references (p. [481]-544) and index.
650 0 _aGlobal warming.
650 0 _aGlobal warming
_xGovernment policy.
700 1 _aLeggett, Jeremy K.
710 2 _aGreenpeace UK.
856 4 2 _3Publisher description
_uhttp://www.loc.gov/catdir/enhancements/fy0635/90040115-d.html
856 4 2 _3Contributor biographical information
_uhttp://www.loc.gov/catdir/enhancements/fy0723/90040115-b.html
856 4 1 _3Table of contents
_uhttp://www.loc.gov/catdir/toc/fy0801/90040115.html
906 _a7
_bcbc
_corignew
_d1
_eocip
_f19
_gy-gencatlg
942 _2lcc
_cSBK
999 _c13499
_d13499